Παιδικό λεξικό ελληνικής νοηματικής γλώσσας
Το cd-rom "Παιδικό λεξικό της ελληνικής νοηματικής γλώσσας" είναι το πρώτο παιδικό λεξικό της νοηματικής γλώσσας με περιεχόμενο 500 βιντεοσκοπημένα λήμματα και τις αντίστοιχες λέξεις από τα Νέα Ελληνικά...
Αποθηκεύτηκε σε:
| Συλλογικό Έργο: | , |
|---|---|
| Μορφή: | Ηλεκτρονική πηγή |
| Γλώσσα: | Greek |
| Δημοσίευση: |
Αθήνα :
Καστανιώτης,
[20--;]
|
| Θέματα: | |
| Ετικέτες: |
Προσθήκη ετικέτας
Δεν υπάρχουν, Καταχωρήστε ετικέτα πρώτοι!
|
MARC
| LEADER | 00000nmm a2200000 i 4500 | ||
|---|---|---|---|
| 001 | 1/48804 | ||
| 008 | 070721q20002005gr gre d | ||
| 020 | |a 960-8191-21-1 | ||
| 035 | |l 10089016 | ||
| 040 | |a GR-MY-UA |b gre |e aacr | ||
| 041 | 0 | |a gre | |
| 082 | 0 | |a 419 |2 (22η εκδ.) | |
| 110 | 2 | |a Ινστιτούτο Επεξεργασίας του Λόγου. | |
| 245 | 1 | 0 | |a Παιδικό λεξικό |h [αρχείο Η/Υ] : |b ελληνικής νοηματικής γλώσσας / |c Ινστιτούτο Επεξεργασίας του Λόγου ; Ομοσπονδία Κωφών Ελλάδος; Εθνικό Ίδρυμα Κωφών |
| 260 | |a Αθήνα : |b Καστανιώτης, |c [20--;] | ||
| 300 | |a 1 οπτική δισκέτα λέιζερ Η/Υ; |c 4 3/4 ιν. | ||
| 520 | |a Το cd-rom "Παιδικό λεξικό της ελληνικής νοηματικής γλώσσας" είναι το πρώτο παιδικό λεξικό της νοηματικής γλώσσας με περιεχόμενο 500 βιντεοσκοπημένα λήμματα και τις αντίστοιχες λέξεις από τα Νέα Ελληνικά | ||
| 521 | |a Απευθύνεται σε μικρούς κωφούς χρήστες -μαθητές του νηπιαγωγείου και των πρώτων τάξεων του δημοτικού- για διδακτικούς ή/και επικοινωνιακούς σκοπούς | ||
| 538 | |a Ελάχιστες απαιτήσεις συστήματος: Η/Υ συμβατός με IBM; 32 MB μνήμης RAM; επεξεργαστής κατηγορίας Pentium 200 MHz; λειτουργικό σύστημα Microsoft Windows 98/Me/NT 4.0/2000; οδηγός οπτικών δίσκων (cd-rom); κάρτα οθόνης 800x600 με 16 bits βάθος χρώματος (65536 χρώματα), συνιστάται 24 bits βάθος χρώματος (16 εκατ. χρώματα) | ||
| 650 | 0 | 0 | |a Sign language |x Dictionaries |x Greek. |
| 650 | 0 | 0 | |a Deaf children |x Language. |
| 650 | 0 | 0 | |a Deaf children |x Means of communication. |
| 710 | 2 | |a Ομοσπονδία Κωφών της Ελλάδος. | |
| 852 | |a INST |b RHODES |c AV |e 20070721 |h 419 ΙΝΣ |p 005400026216 |q 005400026216 |t CDROM |y 23 | ||
| 901 | |a BIBL4-2007-2 | ||
| 909 | |a Ρ |b 129262 | ||
| 920 | |a ΑΝΑΜΟΡΦΩΣΗ |b ΕΠΕΑΕΚ ΙΙ-ΤΜΣ |y ΡΟΔΟΣ |z 2006-07 | ||
| 970 | |a ΚΟΖΑ |b ΜΑΡΙΑ |z 2007/07/20 | ||